La estética de la inteligencia sentiente: Xavier Zubiri

Guardat en:
Dades bibliogràfiques
Autor principal: Zomosa Hurtado, Hernán (Autor)
Format: Llibre
Idioma:espanyol
Publicat: Valparaíso Ediciones Universitarias de Valparaíso 1996
Matèries:
Etiquetes: Afegir etiqueta
Sense etiquetes, Sigues el primer a etiquetar aquest registre!

MARC

LEADER 00000cam a2200000 a 4500
001 UCI2774
003 CL-VaPUC
008 070928e19960000CL |||||||||||||||||spa|d
082 0 4 |a 196.1  |b ZOM  |2 21 
100 0 |a Zomosa Hurtado, Hernán  |e author  |9 523949 
245 1 3 |a La estética de la inteligencia sentiente: Xavier Zubiri 
300 |a 107 p 
942 |c BK 
945 |d 20070928 00:00:00  |a rbrito 
260 |a Valparaíso  |b Ediciones Universitarias de Valparaíso  |c 1996 
600 0 7 |a ZUBIRI, XAVIER  |2 CL-VaPUC  |9 216 
650 0 |a Filosofía española   |9 254895 
650 0 |a Estética   |9 264950 
650 0 |a Crítica e interpretación   |9 255042 
583 |a last modification  |c 20130709 01:19:33  |k Rodrigo Vera 
999 |c 327215  |d 327213 
952 |0 0  |1 0  |4 0  |6 196_100000000000000_ZOM_1996  |7 0  |8 A  |9 409761  |a BIBEDU  |b BIBEDU  |d 2019-11-22  |i 4371488  |o 196.1 ZOM 1996  |p 4371488  |r 2023-01-12  |w 2019-11-22  |y BK  |k MUS